Normal view
MARC view
- Thieves
Entry Topical Term
001 - CONTROL NUMBER
- control field: 90259
003 - CONTROL NUMBER IDENTIFIER
- control field: NUST
005 - DATE AND TIME OF LATEST TRANSACTION
- control field: 20220305145243.0
008 - FIXED-LENGTH DATA ELEMENTS
- fixed length control field: 220305|| aca||aabn | a|a d
040 ## - CATALOGING SOURCE
- Original cataloging agency: NUST
- Transcribing agency: NUST
150 ## - HEADING--TOPICAL TERM
- Topical term or geographic name entry element: Thieves
- Geographic subdivision: New York (State)
- Geographic subdivision: New York
- Form subdivision: Biography
670 ## - SOURCE DATA FOUND
- Source citation: Work cat.: (NUST)0: Geng, Steve. 90256, Thick as thieves :, 2007.
